000 00966nam a2200301Ia 4500
003 OSt
005 20220912150614.0
006 a|||||r|||| 00| 0
007 ta
008 220909b |||||||| |||| 00| 0 eng d
020 _a1931777438 (pbk)
024 _a12633
037 _b1424, 13/09/2004, Pt. Book International
037 _cTextbook
040 _aCSL
_beng
_cCSL
041 _aeng
082 _aD65,8(B):(894), P3 TD
100 _aAzari Rasool Ed.
245 0 _aCurrent security management and ethical issues of information technology
260 _aHershey
_bIRM Press
_c2003
300 _axiv, 289p.
_ccm.
500 _aIncludes bibliographical references; Index 286-289p.
_ccm.
650 _a Computer networks
650 _a Computer security
650 _aComputer Science
942 _hD65,8(B):(894), P3 TD
_cTB
_2CC
999 _c50790
_d50790